书目信息 |
| 题名: |
小城镇街道和广场设计
|
|
| 作者: | 赵之枫 , 张建 , 骆中钊 编著 | |
| 分册: | ||
| 出版信息: | 北京 化学工业出版社环境科学与工程出版中心 2005.7 |
|
| 页数: | 142页 | |
| 开本: | 25×26cm | |
| 丛书名: | 小城镇建设设计丛书 | |
| 单 册: | ||
| 中图分类: | TU984.1 | |
| 科图分类: | ||
| 主题词: | 城镇--cheng zhen--广场--建筑设计 , 城市道路--cheng shi dao lu , 城镇--cheng zhen--城市道路--建筑设计 , 广场--guang chang | |
| 电子资源: | ||
| ISBN: | 7-5025-7089-6 | |
| 000 | 01196nam 2200325 450 | |
| 001 | CAL 012006003274 | |
| 005 | 20061031143740.84 | |
| 010 | @a7-5025-7089-6@dCNY40.00 | |
| 099 | @aCAL 012006003274 | |
| 100 | @a20060918d2005 em y0chiy0120 ea | |
| 101 | 0 | @achi |
| 102 | @aCN@b110000 | |
| 105 | @aa a 000yy | |
| 200 | 1 | @a小城镇街道和广场设计@Axiao cheng zhen jie dao he guang chang she ji@f赵之枫, 张建, 骆中钊等编著 |
| 210 | @a北京@c化学工业出版社环境科学与工程出版中心@d2005.7 | |
| 215 | @a142页@c图@d25×26cm | |
| 225 | 2 | @a小城镇建设设计丛书@Axiao cheng zhen jian she she ji cong shu |
| 320 | @a有书目 (第141-142页) | |
| 330 | @a本书阐述了我国传统村镇街道和广场的历史演变出作用并分别分析了其空间特点, 剖析了当代小城镇街道和广场的发展状况及主要问题。 | |
| 410 | 0 | @12001 @a小城镇建设设计丛书 |
| 606 | 0 | @a城镇@Acheng zhen@x广场@x建筑设计 |
| 606 | 0 | @a城市道路@Acheng shi dao lu |
| 606 | 0 | @a城镇@Acheng zhen@x城市道路@x建筑设计 |
| 606 | 0 | @a广场@Aguang chang |
| 690 | @aTU984.1@v4 | |
| 701 | 0 | @a赵之枫@Azhao zhi feng@4编著 |
| 701 | 0 | @a张建@Azhang jian@4编著 |
| 701 | 0 | @a骆中钊@Aluo zhong zhao@4编著 |
| 801 | 0 | @aCN@c20061031 |
| 905 | @a10447@dTU984.1@eZ340 | |
| 小城镇街道和广场设计/赵之枫, 张建, 骆中钊等编著.-北京:化学工业出版社环境科学与工程出版中心,2005.7 |
| 142页:图;25×26cm.-(小城镇建设设计丛书) |
| ISBN 7-5025-7089-6:CNY40.00 |
| 本书阐述了我国传统村镇街道和广场的历史演变出作用并分别分析了其空间特点, 剖析了当代小城镇街道和广场的发展状况及主要问题。 |
| ● |
| 相关链接 |
|
|
|
正题名:小城镇街道和广场设计
索取号:TU984.1/Z340
 
预约/预借
| 序号 | 登录号 | 条形码 | 馆藏地/架位号 | 状态 | 备注 |
| 1 | 634704 | 206347041 | 建筑库201/201建筑库 62排2列2层/ [索取号:TU984.1/Z340] | 在馆 | |
| 2 | 634705 | 206347050 | 建筑库201/ [索取号:TU984.1/Z340] | 在馆 | |
| 3 | 634706 | 206347069 | 建筑库201/201建筑库 62排2列2层/ [索取号:TU984.1/Z340] | 在馆 |